• 首页
  • 本馆介绍
  • 公告通知
  • 最新文献
  • 馆藏检索
  • 电子资源
  • 读者导购
  • 参考咨询
  • 我的图书馆
  • 登录
  • 详细信息显示
  • 放入我的书架
  • 预约/预借图书
  • 作者相关作品
  • 分类相关作品
  • 丛书相关作品
  • 出版社相关作品

书目信息

  • 表格格式
  • 工作单格式
  • 卡片格式
题名:
牛津欧洲史
    
 
作者: 温克 , 凯泽 著 ;吴舒屏 , 张良福 译
分册: 第一卷   1350~1650
出版信息: 长春   吉林出版集团有限责任公司  2009.04
页数: 357页
开本: 24cm
丛书名: 史家名著书系
单 册:
中图分类: K500 , K503
科图分类:
主题词: 历史 , 中世纪史
电子资源:
ISBN: 978-7-80762-871-2
000 01613oam2 2200373 450
001 012004345249
005 20130427090403.60
010    @a978-7-80762-871-2@b精装@dCNY52.00
100    @a20090706d2009 em y0chiy0110 ea
101 1  @achi@ceng
102    @aCN@b220000
105    @aa z 000yy
106    @ar
200 1  @a牛津欧洲史@9niu jin ou zhou shi@h第一卷@i1350~1650@e进入世界视野@f(美)罗宾·W. 温克,(美)托马斯·E. 凯泽著@g吴舒屏,张良福译
210    @a长春@c吉林出版集团有限责任公司@d2009.04
215    @a357页@c图@d24cm
225 2  @a史家名著书系
312    @a封面英文题名:From the old regime to the age of revolution
330    @a本书分六个部分阐述了中世纪末到近代初期的欧洲史:即中古后期的东欧、国家的兴起、文艺复兴、探险与扩张、宗教改革、冲突中的强国。作者运用大量原始材料,从西方人的视角,全面而客观地阐明了欧洲于14—17世纪间在全球范围内的活动及其角色与地位,同时也广泛涉及欧洲的王权强化、农奴制解体、对中古教会的反叛、货币经济的增长以及新型文化的勃兴等问题,进而展现了一个地理意义以外的广阔世界下的欧洲,一个从中世纪向近代转型的欧洲。
461  0 @12001 @a史家名著书系@1701 0@a丛日云@4主编
510 1  @aFrom the old regime to the age of revolution@zeng
606 0  @a历史
606 0  @a中世纪史
607    @a欧洲@x历史
607    @a欧洲@x中世纪史@z1350~1650
607    @a欧洲
690    @aK500@v4
690    @aK503@v4
701  1 @c(美)@a温克@9wen ke@b罗宾·W.@4著
701  1 @c(美)@a凯泽@9kai ze@b托马斯·E.@4著
702  0 @a吴舒屏@9wu shu ping@4译
702  0 @a张良福@9zhang liang fu@4译
801  0 @aCN@bRENTIAN@c20090706
905    @b542043-47@dK500@e23:1@f5
    
    牛津欧洲史.第一卷.1350~1650:进入世界视野/(美)罗宾·W. 温克,(美)托马斯·E. 凯泽著/吴舒屏,张良福译.-长春:吉林出版集团有限责任公司,2009.04
    357页:图;24cm.-(史家名著书系)
    
    
    ISBN 978-7-80762-871-2(精装):CNY52.00
    本书分六个部分阐述了中世纪末到近代初期的欧洲史:即中古后期的东欧、国家的兴起、文艺复兴、探险与扩张、宗教改革、冲突中的强国。作者运用大量原始材料,从西方人的视角,全面而客观地阐明了欧洲于14—17世纪间在全球范围内的活动及其角色与地位,同时也广泛涉及欧洲的王权强化、农奴制解体、对中古教会的反叛、货币经济的增长以及新型文化的勃兴等问题,进而展现了一个地理意义以外的广阔世界下的欧洲,一个从中世纪向近代转型的欧洲。
●
相关链接 在E读中查询图书 在五车中查询图书 在当当中查询图书 在豆瓣中查询图书


正题名:牛津欧洲史     索取号:K500/23:1         预约/预借

序号 登录号 条形码 馆藏地/架位号 状态 备注
1 542043   205420436   第二样本阅览室/ [索取号:K500/23:1] 在馆    
2 542044   205420445   第二借阅区/ [索取号:K500/23:1] 在馆    
3 542045   205420454   密集书库-史法系/ [索取号:K500/23:1] 在馆    
4 542046   205420463   第二借阅区/ [索取号:K500/23:1] 在馆    
5 542047   205420472   第二借阅区/ [索取号:K500/23:1] 在馆    
唐山师范学院图书馆 欢迎您!
大连网信软件有限公司© 版权所有